To Develop Linux Proxy Server Sharing Internet with other PC's Running Multiple Operating Systems (Record no. 326615)

000 -LEADER
fixed length control field 00429 a2200133 4500
001 - CONTROL NUMBER
control field 91542
082 ## - DEWEY DECIMAL CLASSIFICATION NUMBER
Classification number PR 1501
090 ## - LOCALLY ASSIGNED LC-TYPE CALL NUMBER (OCLC); LOCAL CALL NUMBER (RLIN)
-- 43681
-- 43680
100 ## - MAIN ENTRY--PERSONAL NAME
Personal name Junaid Ali; Prof Wajih H. Hashmi and nauman Siddiqui, Advisors
245 ## - TITLE STATEMENT
Title To Develop Linux Proxy Server Sharing Internet with other PC's Running Multiple Operating Systems
Number of part/section of a work 56 "B" EC
260 ## - PUBLICATION, DISTRIBUTION, ETC.
Place of publication, distribution, etc. Rawalpindi
Name of publisher, distributor, etc. NUST
Date of publication, distribution, etc. 2002
300 ## - PHYSICAL DESCRIPTION
Extent 34p
500 ## - GENERAL NOTE
General note BE Project Reports
942 ## - ADDED ENTRY ELEMENTS (KOHA)
Institution code [OBSOLETE] CAE NUST
Call number prefix PR 1501
Holdings
Withdrawn status Lost status Damaged status Not for loan Collection code Permanent Location Current Location Date acquired Total Checkouts Full call number Barcode Date last seen Price effective from Koha item type
          College of Aeronautical Engineering (CAE) College of Aeronautical Engineering (CAE) 04/03/2017   PR 1501 CAEPR 1501 04/05/2017 04/05/2017 Book
© 2023 Central Library, National University of Sciences and Technology. All Rights Reserved.